Nárys didaktiky

Bibliographic Details
Main Author: Maňák, Josef, 1924- (Author)
Format: Book
Language:Undetermined
PhysicalDescription:111 s.
Published: Brno Masarykova univerzita 1990

MARC

LEADER 00000nam a2200000 a 4500
001 vtls001271296
003 SK-MaSNL
005 20260301234635.0
008 240318s1990 xr 0 und
035 |a SNK000222407 
040 |a SNK  |b slo  |c SNK  |e AACR2 
044 |a xr  |c CZ 
100 1 |a Maňák, Josef,  |d 1924-  |4 aut  |9 98465 
245 1 0 |a Nárys didaktiky 
260 |a Brno  |b Masarykova univerzita  |c 1990 
300 |a 111 s. 
958 |a OND 
999 |c 971113  |d 973043 
952 |t P60, <04>, [BOOK], {604}  |a SNK  |b SNK  |y VYP  |7 0  |p 17A0030441  |o snkIB 65067  |0 0  |1 0  |4 0  |d 1997-01-09  |l 0  |r 2005-01-01 00:00:00  |w 2026-02-24